000 00346 a2200157 4500
001 57210
020 _a8516050521
040 _cAnchieta - Pituba
100 _aPaterson, Katherine
240 1 0 _aPonte para TerabĂ­tia
_lpor
245 1 0 _aPonte para TerabĂ­tia
300 _a160
362 0 _a2006
650 4 _aLiteratura juvenil
942 _cBK
999 _c57210
_d57210